USA Challenge: Place 200 US Cities on a map Quiz Stats

 Plays Quiz not verified by Sporcle

Also try: 'I'-Full States
Challenge
Share
Tweet
Score 0/200 Timer 20:00
0 Plays Today
% Correct
Los Angeles
64.8%
New Orleans
64.5%
San Diego
64.2%
Chicago
63.9%
New York
63.6%
Little Rock
63.6%
Tampa
63.6%
Orlando
63.5%
Columbus
63.5%
El Paso
63.4%
Las Vegas
63.4%
Indianapolis
63.2%
Key West
63.1%
Oklahoma City
63%
Bismarck
62.6%
San Francisco
62.3%
Austin
62.2%
Sacramento
61.5%
Atlantic City
61.5%
Houston
61.5%
Phoenix
61.3%
Philadelphia
61.1%
Providence
61.1%
Memphis
61%
Tallahassee
61%
Dover
61%
Cleveland
60.9%
Jacksonville
60.8%
Kansas City
60.8%
Columbia
60.7%
Miami
60.5%
Nashville
60.5%
Concord
60.5%
Charleston
60.3%
Detroit
60.2%
Pittsburgh
60.1%
Buffalo
59.9%
Cincinnati
59.8%
Toledo
59.8%
Corpus Christi
59.7%
Tucson
59.6%
Seattle
59.5%
Green Bay
59.5%
Trenton
59.5%
Boston
59.2%
Spokane
58.8%
San Antonio
58.8%
Charleston
58.8%
San Jose
58.6%
Milwaukee
58.6%
Tulsa
58.6%
Fresno
58.4%
Madison
58.4%
Atlanta
58.3%
Savannah
58.2%
Des Moines
58%
Dallas
57.9%
Richmond
57.9%
Albany
57.9%
Fort Worth
57.7%
Fort Lauderdale
57.7%
Hartford
57.6%
Knoxville
57.5%
Harrisburg
57.5%
Saint Louis
57.3%
Portland
57.2%
Minneapolis
57.1%
% Correct
St Paul
57%
Salem
56.6%
Gary
56.6%
Baltimore
56.6%
Pierre
56.5%
Denver
56.3%
Morgantown
56.3%
Washington D.C.
56%
Macon
55.9%
Raleigh
55.6%
Bellingham
55.4%
Salt Lake City
55.4%
Carson City
55.3%
Bâton Rouge
55.3%
Mobile
55.3%
Olympia
55.1%
Juneau
55.1%
Wichita
54.9%
Duluth
54.9%
Jackson
54.9%
Albuquerque
54.8%
Lansing
54.8%
New Haven
54.5%
Jefferson City
54.1%
Fairbanks
54%
Flagstaff
53.8%
St George
53.8%
Bowling Green
53.8%
Anchorage
53.8%
Portsmouth
53.7%
Asheville
53.6%
Cheyenne
53.5%
Gulfport
53.5%
Topeka
53.4%
Eugene
53.2%
Lexington
53%
Louisville
53%
San Bernardino
52.9%
Springfield
52.9%
Yuma
52.8%
Virginia Beach
52.8%
Amarillo
52.7%
Chattanooga
52.7%
Birmingham
52.6%
Reno
52.5%
Augusta
52.5%
Pensacola
52.5%
Colorado Springs
52.4%
Syracuse
52.2%
Hilo
52.2%
Lincoln
52%
Honolulu
51.9%
Annapolis
51.8%
Rochester
51.8%
Charlotte
51%
Casper
50.9%
Myrtle Beach
50.8%
Santa Fe
50.8%
Allentown
50.6%
Boise
50.6%
Sioux Falls
50.4%
Palm Springs
50.4%
Fort Wayne
50.2%
Worcester
50.2%
Roswell
50.1%
Fargo
50.1%
Evansville
50.1%
% Correct
Montgomery
49.9%
Wilmington
49.4%
Las Cruces
49.4%
Midland-Odessa
49.4%
Ann Arbor
49.1%
Huntsville
48.7%
Omaha
48.2%
Lubbock
48.2%
Ogden
48%
Lynchburg
47.5%
Lihue
47.4%
Newport News
47.3%
Peoria
47.2%
Portland
47%
Billings
46.3%
Marquette
46.3%
Helena
46.2%
Shreveport
46%
Lafayette
46%
Fayetteville
45.9%
Winston-Salem
45.8%
Burlington
45.6%
Grand Rapids
45.6%
Youngstown
45.6%
Ithaca
45.5%
Coeur d'Alene
45.4%
Kahului
45.3%
Eau Claire
45.1%
Provo
44.7%
Augusta
44.7%
Scranton
44.2%
Seward
44.2%
Alexandria
43.7%
Meridian
43.2%
Davenport
43.2%
Grand Forks
43%
Bangor
43%
Jackson Hole
42.5%
Fort Collins
42.1%
Rapid City
42.1%
Bar Harbor
42.1%
Traverse City
42%
Durango
41.2%
Joplin
41.2%
Grand Junction
41.1%
Sioux City
40.9%
Champaign
40.8%
Montpelier
40.6%
Pueblo
40.5%
Fort Smith
40.4%
Tuscaloosa
40.3%
Provincetown
40.3%
Missoula
39.2%
Lake Charles
39.2%
Kalamazoo
38.8%
Cedar Rapids
38.7%
North Platte
38.6%
Bozeman
38%
Skagway
37.3%
Pocatello
36.8%
Butte
35.9%
Roanoke
35.2%
Dubuque
35%
Presque Isle
33.8%
Hattiesburg
33.1%
Twin Falls
32.3%

You're not logged in!

Compare scores with friends on all Sporcle quizzes.
Join for Free
OR
Log In

You Might Also Like...

Show Comments

Extras

Top Quizzes Today


Score Distribution

Your Account Isn't Verified!

In order to create a playlist on Sporcle, you need to verify the email address you used during registration. Go to your Sporcle Settings to finish the process.

Report this User

Report this user for behavior that violates our Community Guidelines.

Details: